Штаты США - Statistics

General Stats
  • This quiz has been taken 264 times
  • The average score is 26 of 50
Answers on the Map
Answers color-coded by a green-red scale on the quiz's map according to % correct below.
 
Answer Stats
Состояние % Correct
Аляска
89%
Калифорния
87%
Нью-Йорк
87%
Техас
87%
Вашингтон
83%
Флорида
72%
Гавайи
69%
Аризона
66%
Северная Каролина
64%
Южная Каролина
62%
Алабама
61%
Невада
61%
Южная Дакота
61%
Северная Дакота
60%
Юта
60%
Огайо
59%
Нью-Джерси
58%
Нью-Мексико
58%
Арканзас
56%
Мичиган
55%
Колорадо
54%
Вирджиния
53%
Мэн
52%
Джорджия
51%
Кентукки
51%
Миссисипи
49%
Орегон
49%
Айдахо
48%
Айова
45%
Индиана
45%
Канзас
45%
Пенсильвания
45%
Небраска
44%
Луизиана
43%
Массачусетс
43%
Иллинойс
42%
Оклахома
42%
Вайоминг
42%
Миссури
41%
Миннесота
39%
Монтана
39%
Западная Вирджиния
37%
Теннесси
37%
Коннектикут
35%
Мэриленд
35%
Вермонт
34%
Род-Айленд
34%
Висконсин
33%
Делавэр
26%
Нью-Гэмпшир
25%
No matching quizzes found
Score Distribution
Percent of People with Each Score
Percentile by Number Answered
Your Score History
You have not taken this quiz